Hodnotenie podmienok podnikania na Slovensku pre podniky z vybraného odvetvia bakalárska práca

Na minha lista:
Detalhes bibliográficos
Autor principal: Brijová, Vanesa
Autor Corporativo: Fakulta podnikového manažmentu EU. Katedra podnikových financií
Outros Autores: Tóthová, Alena, 1968-
Formato: Livro
Idioma:eslovaco
Publicado em: Bratislava 2025
Tags: Adicionar Tag
Sem tags, seja o primeiro a adicionar uma tag!

MARC

LEADER 00000nbm a2200000 4500
001 0309832
005 20260108094756.6
041 0 |a slo 
044 |a SK 
245 1 0 |a Hodnotenie podmienok podnikania na Slovensku pre podniky z vybraného odvetvia  |b bakalárska práca  |c Vanesa Brijová ; školiteľ: Alena Tóthová 
264 1 |a Bratislava  |c 2025 
300 |a 57 s. 
100 1 |a Brijová, Vanesa 
700 1 |a Tóthová, Alena, 1968- 
710 2 |a Fakulta podnikového manažmentu EU. Katedra podnikových financií